Martin's Physical Pharmacy and Pharmaceutical Science (Record no. 4351)

MARC details
000 -LEADER
fixed length control field 00615nam a22002177a 4500
003 - CONTROL NUMBER IDENTIFIER
control field OSt
005 - DATE AND TIME OF LATEST TRANSACTION
control field 20180924185421.0
008 - FIXED-LENGTH DATA ELEMENTS--GENERAL INFORMATION
fixed length control field 150903b xxu||||| |||| 00| 0 eng d
020 ## - INTERNATIONAL STANDARD BOOK NUMBER
International Standard Book Number 9780781750271
040 ## - CATALOGING SOURCE
Transcribing agency DNLM
082 ## - DEWEY DECIMAL CLASSIFICATION NUMBER
Classification number QV744 S64m 2006.
100 ## - MAIN ENTRY--PERSONAL NAME
Personal name Sinko, Patrick J.
9 (RLIN) 2924
245 ## - TITLE STATEMENT
Title Martin's Physical Pharmacy and Pharmaceutical Science
250 ## - EDITION STATEMENT
Edition statement 5th ed.
260 ## - PUBLICATION, DISTRIBUTION, ETC. (IMPRINT)
Place of publication, distribution, etc. Philadelphia;
Name of publisher, distributor, etc. Wolters kluwer,
Date of publication, distribution, etc. 2006
300 ## - PHYSICAL DESCRIPTION
Extent xiv,,795p;
Other physical details col.ill:
Dimensions 28.5cm
504 ## - BIBLIOGRAPHY, ETC. NOTE
Bibliography, etc References, & index included
650 ## - SUBJECT ADDED ENTRY--TOPICAL TERM
Topical term or geographic name as entry element Physical pharmacy
9 (RLIN) 5649
651 ## - SUBJECT ADDED ENTRY--GEOGRAPHIC NAME
Geographic name Pharmaceutics
9 (RLIN) 5650
942 ## - ADDED ENTRY ELEMENTS (KOHA)
Source of classification or shelving scheme Other/Generic Classification Scheme
Koha item type Open Shelf
Holdings
Withdrawn status Lost status Source of classification or shelving scheme Damaged status Not for loan Home library Current library Date acquired Source of acquisition Inventory number Total Checkouts Full call number Barcode Date last seen Price effective from Koha item type
    Other/Generic Classification Scheme     MUST Main Library MUST Main Library 13/06/2016   08/30330   QV744 S64m 2006. 2016-2463 13/06/2016 13/06/2016 Open Shelf
    Other/Generic Classification Scheme     MUST Main Library MUST Main Library 13/06/2016   08/30331   QV744 S64m 2006. 2016-2464 13/06/2016 13/06/2016 Open Shelf